| 000 | 00720nam a2200229Ia 4500 | ||
|---|---|---|---|
| 003 | GCL | ||
| 008 | 140319s9999 xx 000 0 ara d | ||
| 040 |
_aGCL / _cGCL |
||
| 082 | 0 | 4 |
_a070.4 _bهـ أ |
| 100 | 1 | _aهاتلنج، جون ل. | |
| 245 | 1 | 0 |
_aاخلاقيات الصحافة / _cهاتلنج، جون ل. |
| 700 | 1 | _aكمال عبد الرؤوف | |
| 260 |
_aالقاهرة : _bالدار العربية للتوزيع والنشر |
||
| 300 | _a140 ص | ||
| 490 | _a | ||
| 650 | 0 | 4 | _aقوانين وتشريعات |
| 650 | 0 | 4 | _aالاعلام |
| 650 | 0 | 4 | _aالصحافة العربية |
| 650 | 0 | 4 | _aالاخلاق الصحفية |
| 650 | 0 | 4 | _aالصحافة الامريكية |
| 942 |
_2ddc _cBK |
||
| 999 |
_c58914 _d58914 |
||